| 000 -LEADER |
| fixed length control field |
00647cam a2200217 a 4500 |
| 020 ## - INTERNATIONAL STANDARD BOOK NUMBER |
| ISBN |
0070549923 |
| 040 ## - CATALOGING SOURCE |
| Transcribing agency |
DLC |
| 082 00 - DEWEY DECIMAL CLASSIFICATION NUMBER |
| Classification number |
339 MCG 1995 A070 Or. |
| 100 1# - MAIN ENTRY--AUTHOR NAME |
| Personal name |
Samuelson, Paul A. |
| 245 10 - TITLE STATEMENT |
| Title |
Macroeconomics / |
| 250 ## - EDITION STATEMENT |
| Edition statement |
15th ed. |
| 260 ## - PUBLICATION, DISTRIBUTION, ETC. (IMPRINT) |
| Place of publication |
New York : |
| Name of publisher |
McGraw-Hill, |
| Year of publication |
c1995. |
| 300 ## - PHYSICAL DESCRIPTION |
| Number of Pages |
xxx, 455 p. : |
| Other physical details |
ill. (some col.) ; |
| Dimensions |
26 cm. |
| 500 ## - GENERAL NOTE |
| General note |
Cover title: Macro-economics. |
| 500 ## - GENERAL NOTE |
| General note |
"Portions of this text have been taken from Economics, fifteenth edition"--T.p. verso. |
| 650 00 - SUBJECT ADDED ENTRY--TOPICAL TERM |
| Topical Term |
Macroeconomics. |
| 700 1# - ADDED ENTRY--PERSONAL NAME |
| Personal name |
Nordhaus, William D. |
| 700 1# - ADDED ENTRY--PERSONAL NAME |
| Personal name |
Mandel, Michael J. |
| 700 1# - ADDED ENTRY--PERSONAL NAME |
| Personal name |
Samuelson, Paul A. |
| 942 ## - ADDED ENTRY ELEMENTS (KOHA) |
| Koha item type |
សៀវភៅភាសាអង់គ្លេស |
| 952 ## - LOCATION AND ITEM INFORMATION (KOHA) |
| Withdrawn status [LOCAL, KOHA] |
0 |
| 952 ## - LOCATION AND ITEM INFORMATION (KOHA) |
| Withdrawn status [LOCAL, KOHA] |
0 |